01128nam a2200277 a 450000100060000000300080000600500170001400800410003102000150007203500190008704000320010604100080013808200220014624501110016826000310027930000260031050001110033650400410044761000540048870000400054270000620058271000380064494200120068299900170069495201390071184122BD-RjUL20241017140123.0241017s1969 enk b 101 0 eng a a0582500168 a(BD-RjUL)84122 aDLCcDLCdDLCdBD-RjULbeng aeng00a330.942bECO 196900aEconomics:bBritain and the E.E.C. /cby Harry G. Johnson ... [et al.]; edited by M. A. C. van Meerhaeghe. aLondon :bLongmans,c1969. aviii, 111 p.;c23 cm. a"A collection of papers read during the symposium ... held at the University of Ghent on 8 February 1969." aIncludes bibliographical references.20aEuropean Economic CommunityzGreat Britain9138291 aJohnson, Mary Gordon,d1923-9138301 aMeerhaeghe, Marcel Alfons Gilbert van,d1921-eed.9138312 aRijksuniversiteit te Gent.913832 2ddccBK c84122d84122 00102ddc40718NFICaRUCLbRUCLcReadingd2024-10-17eRegistrar, R.U.l0o330.942 ECO 1969r2024-10-17 00:00:00tC-1w2024-10-17yBK